| 000 | 00487 a2200169 4500 | ||
|---|---|---|---|
| 003 | Nust | ||
| 005 | 20170207153415.0 | ||
| 040 | _cNust | ||
| 082 | _a355.09 | ||
| 100 | _aWilhelm Necker | ||
| 245 | _aHitlers war machine and the invasion Britain | ||
| 260 |
_aLondon _bLindsay |
||
| 505 | _aPart One: The War Machine (Page-7), Part Two: The War Machine in action the French Campaign (Page-157), | ||
| 538 | _aAlmirah No.53 Shelf No.5 | ||
| 600 | _aWilhelm Necker | ||
| 650 | _aWar Machines | ||
| 942 |
_2ddc _cBK |
||
| 999 |
_c185543 _d185543 |
||